000 00680nam a2200289Ia 4500
005 20260324133743.0
008 008 260324s9999 xx 000 0 eng d
020 _a9781351310246
037 _aEBOOK
040 _aCRL
040 _beng
040 _cCRL
041 _2eng
041 _aeng
084 _qCRL
100 _aR.L. Bruckberger
_91178549
245 0 _aImages of Terror
245 0 _bWhat We Can and Can't Know about Terrorism
260 _bTaylor and Francis
260 _c2003
365 _a
365 _b230
856 _uhttp://www.taylorfrancis.com/books/9781351310246
942 _cEBOOK
999 _c1793650
_d1793650